000 00423pab a2200169 454500
008 180718b2001 xxu||||| |||| 00| 0 eng d
100 _aJha, Prem Shankar
245 _aView of the little people
260 _c2001
300 _ap.10
362 _a17 Jul
650 _aAgra summit
650 _aIndia - Foreign relations - Pakistan
650 _aInternational relations
773 _aHindustan Times
909 _a50487
999 _c50487
_d50487